01523nam a2200409 a 450000100060000000300080000600500170001400600190003100700150005000800410006502000180010603500230012403500240014703500250017103500210019604000260021705000210024308000120026408200150027624501850029126000430047630000110051944000380053053301640056865000250073265000400075765000240079765000410082165300220086265300350088465500270091970000340094670000350098071000190101585600620103499900170109620662FlNmELB20241216213850.0m o d | cr cn|||||||||201108r2004 sp |||||s|||||||||||spa d z9788433018472 a(MiAaPQ)EBC3194553 a(Au-PeEL)EBL3194553 a(CaPaEBR)ebr10485931 a(OCoLC)929291394 aFlNmELBbspacFlNmELB 4aRM315bT776 2004 a615.21404a615.7822200aTratamientos combinados de los trastornos mentalesh[recurso electronico] :buna guía de intervenciones psicológicas y farmacológicas /cMorgan T. Sammons, Noreman B.Schmidt. aBilbao :bDesclée de Brouwer,c2004. a428 p. 0aBiblioteca de Psicología ;v132 aRecurso electrónico. Santa Fe, Arg.: e-libro, 2015. Disponible vía World Wide Web. El acceso puede estar limitado para las bibliotecas afiliadas a e-libro. 0aPsicofarmacología. 0aPsicofármacosxUso terapéutico. 0aPsychopharmacology. 0aPsychotropic DrugsxTherapeutic use. aPsicofarmacologia aPsicofarmacosaUso terapeutico 4aLibros electrónicos.1 aSammons, Morgan T.,eed. lit.1 aSchmidt, Noreman B.,eed. lit.2 ae-libro, Corp.40uhttps://elibro.net/ereader/politecnicointernacional/47709 c20662d20662